Aves Parque Nacional Natural Tayrona (Registro nro. 2852)

Detalles MARC
000 -CABECERA
Campo de control 01020nam a2200253 a 4500
005 - FECHA Y HORA DE LA ULTIMA TRANSACCION
Campo de control 20160304020002.0
008 - ELEMENTOS DE LONGITUD FIJA—INFORMACION GENERAL
Campo de control 140307b2002 ck ab gr|||| 00| 0 spa d
040 ## - FUENTE DE CATALOGACIÓN
Agencia catalogadora original CO-BoIAVH
Agencia transcriptora CO-BoIAVH
041 ## - IDIOMA
Código de idioma para texto/pista de sonido o título separado Español
044 ## - PAÍS DE PUBLICACIÓN
País de publicación Colombia
082 #4 - NUMERO DE CLASIFICACION DECIMAL DEWEY
Número de clasificación 598.09861
Número del ítem V83a
090 ## - CLASIFICACIÓN LOCAL
Colección LB
Consecutivo 02641
100 1# - ASIENTO PRINCIPAL--NOMBRE PERSONAL
Nombre personal Visinoni, Andrés
9 (RLIN) 17627
245 1# - MENCION DE TITULO
Título Aves Parque Nacional Natural Tayrona
Parte restante del título las 100 especies más sobresalientes
260 ## - PUBLICACION, DISTRIBUCION, ETC. (PIE DE IMPRENTA)
Lugar de publicación, distribución, etc. Santa Marta
Nombre del editor, distribuidor, etc. Minambiente
-- Delegación de la Comisión Europea para Colombia y Ecuador,Desarrollo Sostenible de la Sierra Nevada de Santa Marta
-- Agencia Colombiana de Cooperación Internacional
Fecha de publicación, distribución, etc. 2002
300 ## - DESCRIPCION FISICA
Extensión 106 paginas.
Otros detalles físicos Ilustraciones, Mapas;
Dimensiones 21 x 14 cm
650 #4 - ASIENTO SECUNDARIO DE MATERIA - TERMINO TEMATICO
Término temático o nombre geográfico como elemento de entrada Fauna
Subdivisión geográfica Tayrona
9 (RLIN) 46102
650 #4 - ASIENTO SECUNDARIO DE MATERIA - TERMINO TEMATICO
Término temático o nombre geográfico como elemento de entrada Aves
Subdivisión geográfica Tayrona
9 (RLIN) 46103
650 #4 - ASIENTO SECUNDARIO DE MATERIA - TERMINO TEMATICO
Término temático o nombre geográfico como elemento de entrada Areas protegidas
Subdivisión cronológica Tayrona
9 (RLIN) 46104
650 #4 - ASIENTO SECUNDARIO DE MATERIA - TERMINO TEMATICO
Término temático o nombre geográfico como elemento de entrada Parques nacionales naturales
Subdivisión geográfica Tayrona
9 (RLIN) 46105
650 #4 - ASIENTO SECUNDARIO DE MATERIA - TERMINO TEMATICO
Término temático o nombre geográfico como elemento de entrada Manuales de campo
9 (RLIN) 17632
662 ## - ASIENTO SECUNDARIO DE MATERIA - JERARQUIA DEL NOMBRE DE LUGAR(
País o entidad mayor Colombia
Jurisdicción política intermedia Parque Nacional Natural Tayrona
Ciudad Santa Marta
Jurisdicción política de primer orden Magdalena
942 ## - ELEMENTOS ADICIONALES (KOHA)
Tipo de ítem Libro
Sistema de clasificación Dewey Decimal Classification
Koha issues (borrowed), all copies 2
Existencias
Withdrawn status Lost status Sistema de Clasificación Damaged status No para préstamo Colección Inventariado Ubicación Permanente Ubicación actual Fecha de adquisición Fuente de Valor Total Checkouts Número topográfico Inventario / Código de Barras Date last seen Ejemplar Price effective from Forma de adquisición Tipo de material Date checked out
    Dewey Decimal Classification     General Inventariado 2017 Bogotá Bogotá 12/07/2005 Instituto 2 LB-598.09861 V83a 019379 03/03/2016 Ej. 1 04/12/2012   Libro 03/03/2016
    Dewey Decimal Classification     General Inventariado 2017 Sala Fabio Quevedo Sala Fabio Quevedo 01/08/2002 Instituto   LB-598.09861 V83a 003343 04/12/2012 Ej. 2 04/12/2012   Libro